| 000 | 00000nam##2200000za#4500 |
| 001 | 9.640078 |
| 003 | CaOODSP |
| 005 | 20220224110942 |
| 007 | cr ||||||||||| |
| 008 | 150407|1997||||xxc|||||o f|0| 0 fre|d |
| 040 | |aCaOODSP|bfre |
| 043 | |an-cn--- |
| 086 | 1 |aFo75-3/6-1997F-PDF |
| 110 | 2 |aConseil canadien des ministres des forêts. |
| 245 | 10|aCritères et indicateurs de l'aménagement durable des forêts au Canada : |h[ressource électronique]|brapport technique 1997 |
| 260 | |aOttawa - Ontario : |bConseil canadien des ministres des forêt |cc1997. |
| 300 | |a147p.|bfigures, glossaire, graphiques, cartes, références, tableaux, index |
| 500 | |aSommaire: Conservation de la diversité biologique.--Maintien et amélioration de l'état et de la productivité des écosystèmes forestiers.--Conservation du sol et de l'eau.--Contributions des écosystèmes forestiers aux cycles écologiques planétaires.--Avantages multiples des forêts pour la société.--Acceptation de la responsabilité de la société à l'égard du développement durable.--Glossaire.--Index. Le n° de catalogue (Fo75-3/6-1997F) et l'ISBN (0-662-81968-3) de l'édition imprimée ont été incorrectement copiés dans l'édition électronique. |
| 590 | |a12-17-Supp|b2012-04-20 |
| 691 | 07|aGestion forestière|2gcpds |
| 775 | 08|tCriteria and indicators of sustainable forest management in Canada : |w(CaOODSP)9.695960 |
| 776 | 0#|tCritères et indicateurs de l'aménagement durable des forêts au Canada, rapport technique 1997 / |w(CaOODSP)9.680094 |
| 856 | 40|ahttp://publications.gc.ca|qPDF|s1.40 Mo|uhttps://publications.gc.ca/collections/Collection/Fo75-3-6-1997F.pdf |